1221 1806 1863 1996 1309 1326 1621 1069 1412 1081 1613 1881 1931 1512 1403 1938 1166 1926 1446 1814 1929 1067 1648 1513 1969 1772 1012 1168 1394 1212 1367 1422 1893 1562 1268 1093 1515 1747 1297 1222 1855 1848 1646 1811 1697 1838 1172 1597 1607 1403 1534 1071 1657 1210 1079 1220 1427 1802 1084 1112 1635 1845 1209 1873 1601 1691 1773 1182 1581 1384 1826 1594 1673 1325 1008 1539 1387 1451 1827 1412 1600 1561 1865 1802 1136 1106 1791 1215 1096 1221 1979 1748 1144 1963 1523 1398 1477 1494 1702 BCNSPRNW ULIB Ver.6.0+V

เปลี่ยนเป็นภาษาไทย

Change to English
 แสดงรายละเอียดบรรณานุกรม
  กลับหน้าหลัก

Brief Record : Get Marc (ISO 2709) : E-mail record : QR code < ปิดหน้าต่าง
LEADER : 00000nam 2200000uu 4500
001    13399122872
003     ULIB
008    131022s2555||||th 000 0 tha d
020    ^a9786162132155
050  4 ^aDS520^bส834ม
100    ^aสุภฤกษ์ บุญทอง
245    ^aมิงกลาบา...พม่า/^cสุภฤกษ์ บุญทอง
250    ^aพิมพ์ครั้งที่ 2
260    ^aกรุงเทพฯ :^bสกายบุ๊กส์,^c2555
300    ^a72 หน้า
440  0 ^aชุด ประชาคมอาเซียนฉบับการ์ตูน
650  7 ^aอาเซียน^xเสริมความรู้
650  7 ^aพม่า
945    ^p119^l0^i034092
999    ^aเกษร โพธิ์สุวรรณ
รายการนี้ยังไม่มีแท็ก
คุณยังไม่ได้ล็อกอิน คุณสามารถมีกิจกรรมร่วมกับเว็บไซต์ได้ แต่ต้องล็อกอินก่อน ::
  ล็อกอิน

รายการสื่อสารสนเทศ

ลำดับที่ ประเภท เลขเรียก/บาร์โค้ด สถานที่ สถานะ
1. การศึกษาทั่วไป
หนังสือสำรอง
สถานะ=หนังสือสำรอง
DS520 ส834ม ฉ.1 
  Barcode: 034092
ห้องสมุดวิทยาเขตสวรรค์ประชารักษ์
►หนังสือทั่วไป
บนชั้น

รายการใกล้เคียง
    ผู้แต่ง [สุภฤกษ์ บุญทอง]

    หัวเรื่อง [พม่า]

BibComment


ยังไม่เคยถูกคอมเมนท์

คอมเมนท์ทรัพยากรรายการนี้
  คอมเมนท์: มิงกลาบาพม่า สุภ..


 Copyright 2026. Bcnsprnw @Library